LEADER 03109nam a2200481 u 4500 001 000000004929 003 CaOOAMICUS 005 20070226104714.0 008 941013s1979 be u000 u fre u 020 $a90-6186-089-X 035 $a10131005 040 $aIAR$bita 245 04$aThe Bible and medieval culture /$cedited by W. Lourdaux and D. Verhelst. 260 $aLeuven/Louvain :$bLeuven university press,$c1979. 300 $aviii, 286 p. ;$c25 cm 490 1 $aMediaevalia Lovaniensia.$aSeries 1, Studia ;$vStudia 7 630 04$aBiblia$yEvo medio$xInflusso.$0(OLS)http://pul/subject/4303 630 04$aBiblia$xCritica e interpretazione$xStoria$yEvo medio.$0(OLS)http://pul/subject/4304 700 1 $aVerhelst, Daniël,$cC.I.C.M.,$d1933-$0(OLS)http://pul/name/5140 700 1 $aLourdaux, Willem,$d1923-1989.$0(OLS)http://pul/name/5139 774 0 $aDekkers, Eligius.$tL'Église devant la Bible en langue vernaculaire : ouverture de principe et difficultés concrètes$w()94528 774 0 $aRichter, Michael.$tLatina lingua - sacra seu vulgata ?$w()94529 774 0 $aHenss, Walther.$tDie Integrität der Bibelübersetzung im religiösen Denken des 5. Jahrhunderts (Zum geistigen Umfeld von Salvian gub. V,2 Par.5ff )$w()94530 774 0 $aSchwarz, Alexander.$tDie Bibel und die Grundlegung einer fränkischen Literatur$w()94531 774 0 $aLarès, Micheline Maurice.$tTypes et optiques de traditions et "adaptions" de l'Ancien Testament en anglais du haut moyen âge$w()94532 774 0 $aLeclercq, Jean.$tUsage et abus de la Bible au temps de la réforme grégorienne$w()94533 774 0 $aGregory, Stewart.$tThe twelfth century psalter commentary in french for Laurette d'Alsace$w()94534 774 0 $aSneddon, Clive R.$tThe "Bible du XIIIe siècle" : its medieval public in the light of the manuscript tradition$w()94535 774 0 $aThouzellier, Christine.$tL'emploi de la Bible par les Cathares (XIIIe s.)$w()94536 774 0 $aManselli, Raoul.$tL'Apocalisse e l'interpretazione francescana dells storia$w()94537 774 0 $aHargreaves, Henry.$tPopularising Biblical scholarship : The role of the Wycliffite Glossed Gospels$w()94538 774 0 $aBruin, Cebus Cornelis de.$tDe prologen van de eerste Historiebijbel geplaatst en het raam van hun tijd$w()94539 774 0 $aSmeets, Jean-Robert.$tLa Bible de Jehan Malkaraume$w()94540 774 0 $aDronke, Peter.$tThe song of Songs and medieval love-lyric$w()94541 774 0 $aLeclercq, Jean.$tLes traductions de la Bible et la spiritualité médiévale$w()94542 830 0$aMediaevalia Lovaniensia.$nSeries 1,$pStudia ;$vStudia 7.$0(OLS)http://pul/title/1024 850 $aPUL 852 $aPUL$W1$xSL Religione 1$y3$m10(2) C 12$j6872$nBK-PRI$b $qStampati$B6872$CPULBib$Z2$F6872 $H $81 941 1 $a8 961 $aINV: 50421. 996 $6020$a90-6186-089-X$9(OLS)http://pul/number/6354 996 $6245$aThe Bible and medieval culture$9(OLS)http://pul/title/7173 996 $6260$aLeuven/Louvain :$bLeuven university press$9(OLS)http://pul/publisher/50689 LEADER 01250nam a2200313 a 4500 001 000000137946 003 CaOOAMICUS 005 20140328102413.0 008 140328s2013 it u000 u ita r 020 $z978-88-68260712* 040 $aPUL$bita 082 04$a170 100 1 $aRensi, Giuseppe,$d1871-1941.$0(OLS)http://pul/name/7270 245 13$aLa morale come pazzia /$cGiuseppe Rensi ; prefazione di Nicola Emery. 260 $aRoma :$bCastelvecchi ;$aRoma :$bLit Edizioni,$c©2013. 300 $a140 p. ;$c22 cm 490 1 $aNavi 650 4$aEtica$ySec. XV-XX.$0(OLS)http://pul/subject/38301 700 1 $aEmery, Nicola.$0(OLS)http://pul/name/89004 830 3$aLe Navi.$0(OLS)http://pul/title/143012 850 $aPUL 852 $aPUL$W1$xSL Filosofia 3$y81$m170 RENGI 1$j159014$qDDC 21$B158566$CPULBib$Z2$F158566 $H123742 $82 941 1 $a9 996 $6020$z978-88-68260712*$9(OLS)http://pul/number/154943 996 $6082$a170$9(OLS)http://pul/classification/380 996 $6245$aLa morale come pazzia$9(OLS)http://pul/title/174678 996 $6260$aRoma :$bCastelvecchi$9(OLS)http://pul/publisher/80087 996 $6260$aRoma :$bLit Edizioni$9(OLS)http://pul/publisher/82417